[Event "RC-2014-0-00163"]
[Site "LSS email"]
[Date "2014.12.01"]
[Round "?"]
[White "Borisov, Alexandr Vl"]
[Black "Owens, Johnny"]
[Result "1-0"]
[WhiteElo "1972"]
[BlackElo "1789"]
[PlyCount "97"]
[EventDate "2014.10.26"]
[EventType "tourn (corr)"]
[EventRounds "6"]
[EventCountry "GER"]
[SourceTitle "Corr 2022"]
[Source "ChessBase"]
[SourceDate "2021.10.24"]
[SourceVersion "1"]
[SourceVersionDate "2021.10.24"]
[SourceQuality "1"]

1. e4 e6 2. d4 d5 3. Nc3 dxe4 4. Nxe4 Nc6 5. Nf3 Nf6 6. Nxf6+ gxf6 7. Bc4 Qd6 8. 0-0 Ne7 9. c3 b6 10. Nd2 Bb7 11. Bb5+ Kd8 12. Re1 Qd5 13. Bf1 Qf5 14. c4 Kc8 15. d5 exd5 16. b4 Rg8 17. c5 Nc6 18. Re8+ Kd7 19. Rxf8 Raxf8 20. b5 Ne5 21. c6+ Bxc6 22. bxc6+ Kxc6 23. Qb3 Rd8 24. a4 Kb7 25. a5 Qe6 26. axb6 axb6 27. Ba6+ Kb8 28. g3 h5 29. Nf3 Nxf3+ 30. Qxf3 h4 31. Bf4 hxg3 32. hxg3 Qe4 33. Bb5 Qxf3 34. Bc6 Qd1+ 35. Rxd1 Rd6 36. Bxd6 cxd6 37. Bxd5 Re8 38. Bxf7 Re7 39. Bb3 Kc7 40. Rc1+ Kb7 41. Bd5+ Ka6 42. Rc6 Kb5 43. Rxd6 Kc5 44. Rxf6 Kxd5 45. Rxb6 Rc7 46. Kg2 Rc3 47. f4 Ke4 48. Rb4+ Kf5 49. Kh3 1-0

[Event "SC-2014-0-00244"]
[Site "LSS email"]
[Date "2014.11.18"]
[Round "?"]
[White "Owens, Johnny"]
[Black "Borisov, Alexandr Vl"]
[Result "0-1"]
[WhiteElo "1785"]
[BlackElo "1969"]
[PlyCount "108"]
[EventDate "2014.09.22"]
[EventType "tourn (corr)"]
[EventRounds "6"]
[EventCountry "GER"]
[SourceTitle "Corr 2022"]
[Source "ChessBase"]
[SourceDate "2021.10.24"]
[SourceVersion "1"]
[SourceVersionDate "2021.10.24"]
[SourceQuality "1"]

1. d4 d5 2. Nf3 Nf6 3. Bf4 c5 4. e3 Nc6 5. Nbd2 Qb6 6. dxc5 Qxb2 7. Rb1 Qc3 8. Bb5 e6 9. 0-0 Be7 10. Ne5 Bd7 11. Nd3 0-0 12. Nb3 b6 13. h3 Rac8 14. Bxc6 Bxc6 15. cxb6 axb6 16. Be5 Qc4 17. Nd4 b5 18. Rb3 Qa4 19. f3 Bd7 20. Bf4 Qxa2 21. Qb1 Qa4 22. c3 Ra8 23. Nxb5 Nh5 24. Bh2 Bxb5 25. Rxb5 Qa7 26. g4 Qxe3+ 27. Kg2 Nf6 28. Bf4 Qa7 29. Rb7 Qa3 30. Rf2 Rfc8 31. Bc1 Qd6 32. Bf4 Qd8 33. Ne5 Rxc3 34. Rc2 Rxc2+ 35. Qxc2 Qf8 36. Be3 Rc8 37. Qb3 d4 38. Bxd4 Nd5 39. Qb5 h5 40. Nc6 Bf6 41. Bc5 Qe8 42. Nb4 Qxb5 43. Rxb5 Rxc5 44. Rxc5 Nxb4 45. Rc8+ Kh7 46. f4 hxg4 47. hxg4 g5 48. f5 exf5 49. gxf5 Be7 50. Kg3 Nd5 51. Kf3 Kg7 52. Rc4 Nf6 53. Rc6 g4+ 54. Kf4 Kh6 0-1

[Event "SC-2014-0-00244"]
[Site "LSS email"]
[Date "2014.11.18"]
[Round "?"]
[White "Sandocal, Uzmir"]
[Black "Borisov, Alexandr Vl"]
[Result "0-1"]
[WhiteElo "1789"]
[BlackElo "1969"]
[PlyCount "72"]
[EventDate "2014.09.22"]
[EventType "tourn (corr)"]
[EventRounds "6"]
[EventCountry "GER"]
[SourceTitle "Corr 2022"]
[Source "ChessBase"]
[SourceDate "2021.10.24"]
[SourceVersion "1"]
[SourceVersionDate "2021.10.24"]
[SourceQuality "1"]

1. e4 c5 2. Nf3 d6 3. d4 cxd4 4. Nxd4 Nf6 5. Nc3 a6 6. Be2 e5 7. Nb3 Be7 8. 0-0 0-0 9. Be3 Be6 10. f4 exf4 11. Rxf4 Nc6 12. Qd2 Rc8 13. Rd1 Re8 14. a3 Nd7 15. Rff1 Nce5 16. Nd4 Nb6 17. b3 Qc7 18. Nb1 Nbd7 19. c4 Nf6 20. Bf3 b5 21. cxb5 axb5 22. Nxb5 Qb8 23. Nxd6 Bxd6 24. Qxd6 Qxb3 25. Rfe1 Nfg4 26. Nd2 Qa4 27. Bb6 Rc6 28. Qd4 Qxa3 29. h3 Nf6 30. Ra1 Qe7 31. Be2 Nfd7 32. Ba7 Rec8 33. Red1 Rc2 34. Qe3 R8c3 35. Qf4 Ng6 36. Bf2 Nxf4 0-1

[Event "RC-2014-0-00159"]
[Site "LSS email"]
[Date "2014.10.27"]
[Round "?"]
[White "Habes, Jiri"]
[Black "Borisov, Alexandr Vl"]
[Result "0-1"]
[WhiteElo "1813"]
[BlackElo "1912"]
[PlyCount "116"]
[EventDate "2014.08.05"]
[EventType "tourn (corr)"]
[EventRounds "6"]
[EventCountry "GER"]
[SourceTitle "Corr 2022"]
[Source "ChessBase"]
[SourceDate "2021.10.24"]
[SourceVersion "1"]
[SourceVersionDate "2021.10.24"]
[SourceQuality "1"]

1. d4 d5 2. c4 c6 3. e3 Nf6 4. Nf3 e6 5. Nc3 Nbd7 6. Bd3 dxc4 7. Bxc4 b5 8. Bd3 Bb7 9. 0-0 a6 10. e4 c5 11. d5 Qc7 12. Bc2 Bd6 13. dxe6 fxe6 14. Ng5 Nf8 15. f4 0-0-0 16. Qe2 h6 17. Nh3 e5 18. f5 c4 19. Nf2 Bc5 20. Be3 Kb8 21. Rfc1 Bd4 22. a4 Qb6 23. Ncd1 g6 24. axb5 axb5 25. b3 c3 26. Bxd4 exd4 27. b4 gxf5 28. Ra5 Ne6 29. Rxb5 Nf4 30. Qf1 Qc7 31. g3 Rhg8 32. Rc5 Qd6 33. e5 Qe6 34. Nd3 Nxd3 35. Bxd3 Ne4 36. Bxe4 fxe4 37. Qf6 Qxf6 38. exf6 Rgf8 39. Rf5 e3 40. Nxc3 dxc3 41. Kf1 e2+ 42. Ke1 Rd3 43. Kxe2 Rd2+ 44. Ke1 Re8+ 45. Kf1 c2 46. f7 Bg2+ 47. Kg1 Rf8 48. Rf2 Rd1+ 49. Kxg2 Rxc1 50. Kh3 Rxf7 51. Rxf7 Rd1 52. Rf8+ Kb7 53. Rf7+ Kb6 54. Rf6+ Kb5 55. Rf5+ Kxb4 56. Rf4+ Kc3 57. Rf3+ Kd4 58. Rf4+ Ke5 0-1

[Event "RC-2014-0-00159"]
[Site "LSS email"]
[Date "2014.10.27"]
[Round "?"]
[White "Laffont, Jose Eduardo Alfred"]
[Black "Borisov, Alexandr Vl"]
[Result "1/2-1/2"]
[WhiteElo "1654"]
[BlackElo "1912"]
[PlyCount "62"]
[EventDate "2014.08.05"]
[EventType "tourn (corr)"]
[EventRounds "6"]
[EventCountry "GER"]
[SourceTitle "Corr 2022"]
[Source "ChessBase"]
[SourceDate "2021.10.24"]
[SourceVersion "1"]
[SourceVersionDate "2021.10.24"]
[SourceQuality "1"]

1. e4 c5 2. Nf3 d6 3. d4 cxd4 4. Nxd4 Nf6 5. Nc3 a6 6. Be2 e5 7. Nb3 Be7 8. 0-0 0-0 9. Be3 Be6 10. Qd2 Nbd7 11. a4 Re8 12. a5 h6 13. f3 Rc8 14. Rfc1 Qc7 15. Nd5 Nxd5 16. exd5 Bf5 17. c4 Qd8 18. Bd3 Bxd3 19. Qxd3 Bg5 20. Rc3 f5 21. Bxg5 Qxg5 22. Qd2 Qxd2 23. Nxd2 Kf7 24. g4 g6 25. Kf2 Rb8 26. b4 Nf6 27. h3 e4 28. gxf5 gxf5 29. Re1 exf3 30. Rxe8 Rxe8 31. Kxf3 Ne4 1/2-1/2

[Event "SN-2013-0-00557"]
[Site "LSS email"]
[Date "2013.12.12"]
[Round "?"]
[White "Borisov, Alexandr Vl"]
[Black "Astralov, Valeriy"]
[Result "1/2-1/2"]
[WhiteElo "800"]
[BlackElo "800"]
[PlyCount "59"]
[EventDate "2013.11.20"]
[EventType "tourn (corr)"]
[EventRounds "6"]
[EventCountry "GER"]
[SourceTitle "Corr 2022"]
[Source "ChessBase"]
[SourceDate "2021.10.24"]
[SourceVersion "1"]
[SourceVersionDate "2021.10.24"]
[SourceQuality "1"]

1. e4 c5 2. Nf3 d6 3. d4 cxd4 4. Nxd4 Nf6 5. Nc3 a6 6. f3 e5 7. Nb3 Be6 8. Be3 Nbd7 9. g4 h6 10. Qd2 Be7 11. h4 b5 12. a4 b4 13. Nd5 Bxd5 14. exd5 Nb6 15. Bxb6 Qxb6 16. 0-0-0 g6 17. Kb1 Kf8 18. a5 Qa7 19. Qxb4 Kg7 20. Qd2 Rab8 21. Re1 Rhe8 22. Rh2 Qb7 23. g5 hxg5 24. hxg5 Nh5 25. Rh4 Qa7 26. Rg4 Rh8 27. Bc4 Rbc8 28. Qd3 Bd8 29. Qc3 Qd7 30. Rh1 1/2-1/2

[Event "SN-2013-0-00557"]
[Site "LSS email"]
[Date "2013.12.12"]
[Round "?"]
[White "Borisov, Alexandr Vl"]
[Black "Popov, Misha"]
[Result "1-0"]
[WhiteElo "800"]
[BlackElo "1089"]
[PlyCount "43"]
[EventDate "2013.11.20"]
[EventType "tourn (corr)"]
[EventRounds "6"]
[EventCountry "GER"]
[SourceTitle "Corr 2022"]
[Source "ChessBase"]
[SourceDate "2021.10.24"]
[SourceVersion "1"]
[SourceVersionDate "2021.10.24"]
[SourceQuality "1"]

1. e4 c5 2. Nf3 Nc6 3. Nc3 e5 4. Bc4 h6 5. d3 Nf6 6. a3 a6 7. 0-0 d6 8. Be3 b5 9. Ba2 Bg4 10. h3 Bh5 11. g4 Bg6 12. Nh4 Bh7 13. Nf5 Qc7 14. f4 g6 15. Ng3 Bg7 16. g5 hxg5 17. fxg5 Nh5 18. Rxf7 Qxf7 19. Bxf7+ Kxf7 20. Nxh5 gxh5 21. Qxh5+ Bg6 22. Rf1+ 1-0

[Event "SN-2013-0-00557"]
[Site "LSS email"]
[Date "2013.12.12"]
[Round "?"]
[White "Borisov, Alexandr Vl"]
[Black "Vontina, Maria"]
[Result "1-0"]
[WhiteElo "800"]
[BlackElo "772"]
[PlyCount "29"]
[EventDate "2013.11.20"]
[EventType "tourn (corr)"]
[EventRounds "6"]
[EventCountry "GER"]
[SourceTitle "Corr 2022"]
[Source "ChessBase"]
[SourceDate "2021.10.24"]
[SourceVersion "1"]
[SourceVersionDate "2021.10.24"]
[SourceQuality "1"]

1. e4 e6 2. d4 d5 3. Nc3 Bb4 4. e5 c5 5. a3 Bxc3+ 6. bxc3 Ne7 7. Qg4 Nbc6 8. Qxg7 Rg8 9. Qxh7 cxd4 10. Nf3 dxc3 11. Ng5 Rf8 12. f4 d4 13. Be2 a6 14. Nxf7 Rxf7 15. Bh5 1-0